Performance of farmer producer organizations: An empirical study of Rohtak division (Record no. 393719)

MARC details
000 -LEADER
fixed length control field 00502nam a22001697a 4500
005 - DATE & TIME
control field 20251027122404.0
008 - FIXED-LENGTH DATA ELEMENTS--GENERAL INFORMATION
fixed length control field 251027b |||||||| |||| 00| 0 eng d
040 ## - CATALOGING SOURCE
Original cataloging agency VIVEKANANDA LIBRARY
082 ## - DDC NUMBER
Classification number 350
Book Number A22P
100 ## - MAIN ENTRY--PERSONAL NAME
Personal name Archana
245 ## - TITLE STATEMENT
Title Performance of farmer producer organizations: An empirical study of Rohtak division
260 ## - PUBLICATION, DISTRIBUTION, ETC. (IMPRINT)
Name of publisher, distributor, etc Department of Public Administration, M D University, Rohtak
Date of publication, distribution, etc 2024
300 ## - PHYSICAL DESCRIPTION
Pages xv, 328
650 ## - Subject
Subject Public Administration
700 ## - Added Entry Personal Name
Added Entry Personal Name Rajesh Kumar
942 ## - ADDED ENTRY ELEMENTS (KOHA)
Koha item type Thesis
Holdings
Withdrawn status Lost status Source of classification or shelving scheme Damaged status Not for loan Location (home branch) Sublocation or collection (holding branch) Shelving location Date acquired Koha issues (times borrowed) Koha full call number Accession No. Koha date last seen Copy number Koha item type
    Dewey Decimal Classification     VIVEKANANDA LIBRARY VIVEKANANDA LIBRARY Vivekananda Library 27/10/2025   350 A22P 411174 27/10/2025 R Thesis
© Designed and Maintained by Vivekananda Library, MDU Rohtak